[Event "AUTO-INT-3040"]
[Site "http://www.queenalice.com/game.php?id=1378324"]
[Date "2015.8.18"]
[Round "1"]
[White "carlosjvega"]
[Black "jajerduco"]
[Result "1-0"]
[WhiteElo "1648"]
[BlackElo "1510"]

1. e4 b6 2. d4 Ba6 3. Bd3 b5 4. b4 Nc6 5. c3 e5 6. d5 Nce7 7. Qe2 Rb8 8. Be3 d6
9. Bxa7 Rb7 10. Be3 Nf6 11. Nf3 g6 12. Bg5 Bg7 13. a4 O-O 14. axb5 Bxb5 15. Bxb5
Nxe4 16. Bxe7 Nxc3 17. Nxc3 Qxe7 18. Qc4 e4 19. Nd4 Bxd4 20. Qxd4 Qg5 21. O-O f5
22. Bc6 Rb6 23. b5 h5 24. Ra7 Qe7 25. Ne2 g5 26. Ng3 h4 27. Ne2 f4 28. Ra4 f3
29. Re1 fxe2 30. Qxe4 Re8 31. Qxe7 Rxe7 32. Ra2 h3 33. Raxe2 Re5 34. Rxe5 hxg2
35. Rxg5+ Kf7 36. Re6 Rb8 37. Kxg2 Rg8 38. Rxg8 Kxg8 39. Kg3 Kf7 40. Kg4 Kf8 41.
Kg5 Kg8 42. Kg6 Kf8 43. Re8# 1-0

[Event "AUTO-INT-3041"]
[Site "http://www.queenalice.com/game.php?id=1378611"]
[Date "2015.8.19"]
[Round "1"]
[White "jajerduco"]
[Black "carlosjvega"]
[Result "1-0"]
[WhiteElo "1779"]
[BlackElo "1689"]

1. g4 e5 2. e4 Bc5 3. Nf3 d6 4. Bc4 Be6 5. Bxe6 fxe6 6. Nc3 a6 7. Ng5 Bxf2+ 8.
Kxf2 Qxg5 9. h4 Qf4+ 10. Kg2 Nf6 11. d3 Qxg4+ 12. Qxg4 Nxg4 13. Bd2 Nc6 14. Rhf1
Rf8 15. Rxf8+ Kxf8 16. Rf1+ Ke7 17. Bg5+ Nf6 18. Ne2 Rf8 19. Ng3 h6 20. Be3 Nb4
21. a3 Nxc2 22. Bc1 Nd7 23. Rxf8 Kxf8 24. Ne2 Nc5 25. Nc3 Nxd3 26. Bd2 Nxb2 27.
Nb1 c5 28. Ba5 b5 29. Bc7 Ke7 30. Nd2 Kd7 31. Bb8 Nxa3 32. Ba7 a5 33. Kg3 a4 34.
Kg4 Nac4 35. Nf3 Nd3 36. Kh5 Nf4+ 37. Kg4 a3 38. Ne1 Ne3+ 39. Kf3 a2 40. Kxe3
a1=Q 41. Nc2 Qxa7 42. Kd2 Qa2 43. h5 b4 44. Kc1 Qxc2+ 45. Kxc2 d5 46. exd5 exd5
47. Kd2 c4 48. Kc2 d4 49. Kc1 d3 50. Kd2 c3+ 51. Kc1 b3 52. Kb1 d2 53. Ka1 1-0

[Event "AUTO-INT-3041"]
[Site "http://www.queenalice.com/game.php?id=1378612"]
[Date "2015.8.19"]
[Round "1"]
[White "carlosjvega"]
[Black "jajerduco"]
[Result "1-0"]
[WhiteElo "1636"]
[BlackElo "1524"]

1. e4 d6 2. d4 c6 3. c4 b6 4. Nc3 Nf6 5. Nf3 Bg4 6. Be2 Bxf3 7. Bxf3 g6 8. O-O
Bg7 9. b4 a6 10. Be3 Nbd7 11. b5 c5 12. dxc5 dxc5 13. e5 Nxe5 14. Bxa8 Qxd1 15.
Rfxd1 O-O 16. Bc6 Nxc4 17. Rab1 Ng4 18. Nd5 Na3 19. Rb3 Nxe3 20. Nxe3 Nxb5 21.
Bxb5 axb5 22. Rxb5 Rb8 23. Nd5 Kf8 24. a4 Rd8 25. Rbb1 Bd4 26. Rxd4 cxd4 27.
Nxb6 Rb8 28. a5 Kg7 29. a6 d3 30. a7 Rxb6 31. Rxb6 d2 32. Rb1 e5 33. a8=Q e4 34.
Qxe4 d1=Q+ 35. Rxd1 f6 36. Rd7+ Kh6 37. Qh4# 1-0

[Event "AUTO-INT-3041"]
[Site "http://www.queenalice.com/game.php?id=1378627"]
[Date "2015.8.19"]
[Round "1"]
[White "carlosjvega"]
[Black "mitchelli3131"]
[Result "1-0"]
[WhiteElo "1324"]
[BlackElo "1312"]

1. e4 e5 2. Bc4 Bc5 3. Qh5 g6 4. Qxe5+ Qe7 5. Qxh8 Qxe4+ 6. Ne2 Qxc4 7. Qxg8+
Bf8 8. Nbc3 Nc6 9. d3 Qh4 10. O-O Ne7 11. Qh8 1-0

[Event "AUTO-INT-3041"]
[Site "http://www.queenalice.com/game.php?id=1378628"]
[Date "2015.8.19"]
[Round "1"]
[White "mitchelli3131"]
[Black "carlosjvega"]
[Result "1-0"]
[WhiteElo "1311"]
[BlackElo "1340"]

1. e4 e5 2. Nf3 Nc6 3. Nc3 g6 4. d3 Bg7 5. Bg5 f6 6. Be3 Nge7 7. Bc5 d6 8. Be3
Be6 9. Nb5 a6 10. Nc3 O-O 11. b3 1-0

[Event "AUTO-INT-3041"]
[Site "http://www.queenalice.com/game.php?id=1378629"]
[Date "2015.8.19"]
[Round "1"]
[White "carlosjvega"]
[Black "tango2011"]
[Result "0-1"]
[WhiteElo "1515"]
[BlackElo "1509"]

1. e4 c5 2. Nf3 e6 3. d4 b6 4. d5 exd5 5. exd5 Bd6 6. Qe2+ Ne7 7. Bg5 Ba6 8. c4
h6 9. Bxe7 Bxe7 10. b3 O-O 11. Qd3 d6 12. Be2 Bf6 13. Nc3 Nd7 14. O-O Re8 15.
Rfe1 Ne5 16. Nxe5 Bxe5 17. Rad1 Qf6 18. Ne4 Qe7 19. g3 f5 20. Nd2 Qf6 21. Bf3
Re7 0-1

[Event "AUTO-INT-3041"]
[Site "http://www.queenalice.com/game.php?id=1378630"]
[Date "2015.8.19"]
[Round "1"]
[White "tango2011"]
[Black "carlosjvega"]
[Result "1-0"]
[WhiteElo "1525"]
[BlackElo "1499"]

1. Nf3 d5 2. d4 e6 3. e3 c5 4. b3 Nf6 5. Ba3 b6 6. Bb5+ Bd7 7. Qd3 a6 8. Bxd7+
Nbxd7 9. O-O b5 10. dxc5 Bxc5 11. b4 Bd6 12. Nbd2 O-O 13. e4 dxe4 14. Qxd6 exf3
15. Nxf3 Nb6 16. Qc5 Na4 17. Qc6 Qb6 18. Qxb6 Nxb6 19. Bb2 Na4 20. Bxf6 gxf6 21.
a3 1-0

[Event "AUTO-INT-3042"]
[Site "http://www.queenalice.com/game.php?id=1378885"]
[Date "2015.8.21"]
[Round "1"]
[White "carlosjvega"]
[Black "Abal"]
[Result "0-1"]
[WhiteElo "1658"]
[BlackElo "1832"]

1. e4 e5 2. Bc4 Nf6 3. d3 Nc6 4. Nf3 Be7 5. O-O O-O 6. Be3 a6 7. a3 b5 8. Ba2
Bb7 9. b4 a5 10. bxa5 Rxa5 11. c4 Bxa3 12. Nxa3 Rxa3 13. Bc5 Rxa2 14. Bxf8 Rxa1
15. Qxa1 Qxf8 16. cxb5 Nb4 17. Qc3 d5 18. Nxe5 dxe4 19. Qxc7 Bd5 20. dxe4 Bxe4
21. Nd7 Nxd7 22. Qxd7 Nd3 23. b6 Nc5 24. Qa7 g6 25. Qc7 h5 26. Rc1 Ne6 27. Qd7
Qh6 28. Rc8+ Kg7 29. b7 Qg5 30. g3 Qf6 31. Rc1 Qf3 0-1

[Event "AUTO-INT-3042"]
[Site "http://www.queenalice.com/game.php?id=1378886"]
[Date "2015.8.21"]
[Round "1"]
[White "Abal"]
[Black "carlosjvega"]
[Result "1-0"]
[WhiteElo "1867"]
[BlackElo "1658"]

1. e4 e6 2. d4 d5 3. exd5 exd5 4. Nf3 Bg4 5. h3 Qe7+ 6. Qe2 Bxf3 7. Qxe7+ Bxe7
8. gxf3 Bf6 9. c3 Nc6 10. Bg2 O-O-O 11. O-O Nge7 12. Bf4 g5 13. Bh2 h5 14. Nd2
Rdg8 15. Rfe1 Kd7 16. Nb3 b6 17. a4 a5 18. Nd2 Nf5 19. Rab1 Nh4 20. Bf1 Na7 21.
Be5 Rh6 22. Re3 c6 23. b4 axb4 24. Rxb4 Bxe5 25. Rxe5 Nc8 26. Ba6 b5 27. axb5
cxb5 28. Rxb5 Rxa6 29. Rexd5+ Ke7 30. Rb7+ Ke6 31. Re5+ Kf6 32. Ne4+ 1-0

[Event "AUTO-INT-3042"]
[Site "http://www.queenalice.com/game.php?id=1378887"]
[Date "2015.8.21"]
[Round "1"]
[White "carlosjvega"]
[Black "Felipe_Carvalho"]
[Result "0-1"]
[WhiteElo "1412"]
[BlackElo "1625"]

1. e4 e6 2. Nf3 d5 3. exd5 exd5 4. d4 Nf6 5. Bd3 Bd6 6. Qe2+ Qe7 7. Qxe7+ Bxe7
8. O-O O-O 9. Bg5 Nc6 10. c3 Bg4 11. Ne5 Be6 0-1

[Event "AUTO-INT-3042"]
[Site "http://www.queenalice.com/game.php?id=1378888"]
[Date "2015.8.21"]
[Round "1"]
[White "Felipe_Carvalho"]
[Black "carlosjvega"]
[Result "1-0"]
[WhiteElo "1617"]
[BlackElo "1420"]

1. e4 e5 2. Nc3 c6 3. d4 exd4 4. Qxd4 Qb6 5. Qxb6 axb6 6. Nf3 Bb4 7. Bc4 Bxc3+
8. bxc3 Nf6 9. e5 Ne4 10. Ng5 Nxg5 11. Bxg5 1-0

[Event "AUTO-INT-3043"]
[Site "http://www.queenalice.com/game.php?id=1379225"]
[Date "2015.8.23"]
[Round "1"]
[White "roli68"]
[Black "carlosjvega"]
[Result "1-0"]
[WhiteElo "1553"]
[BlackElo "1677"]

1. e4 e5 2. Qh5 Nc6 3. Nh3 g6 4. Qf3 Bh6 5. Bc4 Qf6 6. Nc3 Qxf3 7. gxf3 Nd4 8.
Kd1 Nxf3 9. Nd5 Kd8 10. Nc3 c6 11. Bxf7 Nf6 12. Bb3 d5 13. exd5 cxd5 14. Nxd5
Nxd5 15. Bxd5 Bxh3 16. Bxf3 Kc7 17. a4 Bf5 18. Ra3 Rac8 19. Rc3+ Kb8 20. d3 Bxc1
21. Kxc1 Rxc3 22. bxc3 Rc8 23. Kd2 Rc5 24. Rb1 b6 25. h4 Ra5 26. Rb4 Bd7 27. h5
g5 28. Be4 h6 29. d4 exd4 30. Rxd4 Kc7 31. Rc4+ Kd6 32. Rd4+ 1-0

[Event "AUTO-INT-3043"]
[Site "http://www.queenalice.com/game.php?id=1379226"]
[Date "2015.8.23"]
[Round "1"]
[White "carlosjvega"]
[Black "roli68"]
[Result "0-1"]
[WhiteElo "1656"]
[BlackElo "1574"]

1. e4 d5 2. exd5 Qxd5 3. Nc3 Qe6+ 4. Qe2 Nc6 5. Nf3 Qd6 6. Ne4 Qd7 7. c3 b6 8.
d4 f5 9. Ng3 h5 10. Qd3 g6 11. Bg5 Bh6 12. Ne2 a5 13. Nf4 Qd6 14. Bxh6 Nxh6 15.
g3 Rg8 16. Ng5 e5 17. dxe5 Qxe5+ 18. Qe3 Qxe3+ 19. fxe3 Ng4 20. Bb5 Bd7 21. Nd5
Rc8 22. O-O-O Nce5 23. Nf6+ Nxf6 24. Bxd7+ Nexd7 25. Rhe1 Ng4 26. e4 f4 27. gxf4
Nxh2 28. Rd3 Rf8 29. f5 Ne5 30. Rd5 Nef3 31. Re3 Nxg5 0-1